000 00316nam a2200145Ia 4500
100 _aDalal/Hemal
650 _aMicroprocessors
942 _cBK
654 _a8086
245 _a8086 Microprocessors
260 _bNandu Book House
_aMumbai
_c2007
082 _a004.16/DAL
_bDAL
300 _a356
546 _aENGLISH
999 _c32419
_d32419